000 00512nam a2200193 4500
001 3464
005 20181127171241.0
010 0 0 _a
020 0 0 _a9780071771269
090 0 0 _a428.0076 T641o 2013
100 0 0 _a
245 0 0 _aOfficial TOEFL IBT tests with audio.
_b
_c
_h
250 0 0 _a
260 0 0 _aNew York :
_bMcGraw Hill,
_c2013.
300 0 0 _av. : ill. ; 27 cm.
500 0 0 _a
650 0 0 _aEnglish language--Examinations --Study guides.
_x
650 0 0 _aTest of English as a Foreign Language --Study guides.
_x
999 _c2806
_d2806